<?xml version="1.0" encoding="UTF-8"?>
<record
    xmlns:xsi="http://www.w3.org/2001/XMLSchema-instance"
    xsi:schemaLocation="http://www.loc.gov/MARC21/slim http://www.loc.gov/standards/marcxml/schema/MARC21slim.xsd"
    xmlns="http://www.loc.gov/MARC21/slim">

  <leader>00730nam a22001937a 4500</leader>
  <datafield tag="999" ind1=" " ind2=" ">
    <subfield code="c">170985</subfield>
    <subfield code="d">170985</subfield>
  </datafield>
  <controlfield tag="005">20200101121103.0</controlfield>
  <datafield tag="010" ind1=" " ind2=" ">
    <subfield code="a">73312</subfield>
  </datafield>
  <datafield tag="020" ind1=" " ind2=" ">
    <subfield code="c">100.00</subfield>
    <subfield code="a">-</subfield>
  </datafield>
  <datafield tag="035" ind1=" " ind2=" ">
    <subfield code="a">73312</subfield>
  </datafield>
  <datafield tag="037" ind1=" " ind2=" ">
    <subfield code="b">BPPD</subfield>
  </datafield>
  <datafield tag="082" ind1=" " ind2=" ">
    <subfield code="a">841</subfield>
  </datafield>
  <datafield tag="100" ind1=" " ind2=" ">
    <subfield code="a">&#x635;&#x62F; &#x631; &#x627; &#x644;&#x62F; &#x64A;&#x646; &#x645;&#x62D;&#x645;&#x62F; &#x62E;&#x627; &#x646;  </subfield>
  </datafield>
  <datafield tag="245" ind1=" " ind2=" ">
    <subfield code="a">&#x627; &#x631; &#x62F; &#x648; &#x6A9;&#x627; &#x67E;&#x6C1;&#x644;&#x627; &#x635;&#x627; &#x62D;&#x628; &#x62F; &#x64A;&#x648; &#x627; &#x646; &#x634;&#x627; &#x639;&#x631; </subfield>
    <subfield code="c">&#x635;&#x62F; &#x631; &#x627; &#x644;&#x62F; &#x64A;&#x646; &#x645;&#x62D;&#x645;&#x62F; &#x62E;&#x627; &#x646; </subfield>
  </datafield>
  <datafield tag="246" ind1=" " ind2=" ">
    <subfield code="a">Urdu Ka Pehla Sahib Dewan Shair (Urdu)</subfield>
    <subfield code="b">by Nawab Sadaruddin Mohd.Khan</subfield>
  </datafield>
  <datafield tag="260" ind1=" " ind2=" ">
    <subfield code="a">Delhi </subfield>
    <subfield code="c">1946 &#x621; </subfield>
    <subfield code="b">Anjuman Taraqui Urdu                                                                  </subfield>
  </datafield>
  <datafield tag="270" ind1=" " ind2=" ">
    <subfield code="a">Anjuman Taraqui Urdu ( Hind)</subfield>
    <subfield code="b">Delhi</subfield>
    <subfield code="k">-</subfield>
    <subfield code="e">-</subfield>
  </datafield>
  <datafield tag="300" ind1=" " ind2=" ">
    <subfield code="a">242 &#x635;</subfield>
    <subfield code="c">22 cm(hb)</subfield>
  </datafield>
  <datafield tag="942" ind1=" " ind2=" ">
    <subfield code="2">ddc</subfield>
    <subfield code="c">UR</subfield>
    <subfield code="h">841</subfield>
    <subfield code="m">&#x635; &#x62F; &#x631; </subfield>
  </datafield>
  <datafield tag="952" ind1=" " ind2=" ">
    <subfield code="0">0</subfield>
    <subfield code="1">0</subfield>
    <subfield code="4">0</subfield>
    <subfield code="7">0</subfield>
    <subfield code="8">NFIC</subfield>
    <subfield code="a">L</subfield>
    <subfield code="b">L</subfield>
    <subfield code="d">2020-01-01</subfield>
    <subfield code="e">BPPD/Ven.</subfield>
    <subfield code="g">0.00</subfield>
    <subfield code="l">0</subfield>
    <subfield code="o">841 &#x635; &#x62F; &#x631;</subfield>
    <subfield code="p">73312</subfield>
    <subfield code="r">2020-01-01 00:00:00</subfield>
    <subfield code="t">1</subfield>
    <subfield code="v">0.00</subfield>
    <subfield code="w">2020-01-01</subfield>
    <subfield code="y">UR</subfield>
  </datafield>
</record>
